Normal view
MARC view
- شبه الجزيرة العربية - جغرافيا - شبه الجزيرة العربية - رحلات
Entry Topical Term
001 - CONTROL NUMBER
- control field: 14506
003 - CONTROL NUMBER IDENTIFIER
- control field: JO-AjAnu
005 - DATE AND TIME OF LATEST TRANSACTION
- control field: 20230606072621.0
008 - FIXED-LENGTH DATA ELEMENTS
- fixed length control field: 230606|| aca||aabn | a|a d
040 ## - CATALOGING SOURCE
- Original cataloging agency: JO-AjAnu
- Transcribing agency: JO-AjAnu
150 ## - HEADING--TOPICAL TERM
- Topical term or geographic name entry element: شبه الجزيرة العربية - جغرافيا - شبه الجزيرة العربية - رحلات
670 ## - SOURCE DATA FOUND
- Source citation: Work cat.: (JO-AjAnu)7452: أبو العلا، محمود طه, author 14505, جغرافية شبه جزيرة العرب: دراسة جغرافية عامة، الجزء الأول